000 00930nam2a22002411 4500
001 RU\NLR\INFOCOMM10\ROSSICA\1000006377
005 20250613190453.0
035 _a(NLR Aleph) 009911971
090 _a10622542
_c10622542
100 _a20030603d1849 |||y0rusy50 ca
101 0 _ager
102 _aRU
105 _ay ||||000ay
200 0 _aVol.2
210 _d1849
_aБ. м.
461 0 _1001RU\NLR\INFOCOMM10\ROSSICA\1000006375
_12001#$aBeiträge zu einer Malacozoologia Rossica$fA. Th. v. Middendorff$vVol.2
_1700#1$aMiddendorff$bA.F.v.$gAleksandr Fedorovič v.$cрус.путеш.$f1815-1894$4070
_910622533
_aMiddendorff, A.F.v. (рус.путеш. ; 1815-1894)
_cSt.Petersburg
_d1847-1849
_fA. Th. v. Middendorff
_tBeiträge zu einer Malacozoologia Rossica
_vVol.2
801 1 _aRU
_bInfoComm
_c20030603
801 0 _aRU
_bNLR
_gPSBO
852 _aNLR
_j13.1.4.30
942 _cBOOK
980 _aNB
980 _aRossica